[Event "SC Gronau 1 - Südlohner SV 1"]
[Site "Regionalliga 2016/2017"]
[Date "2017.04.08"]
[Round "8.6"]
[White "Reckzügel, Philipp"]
[Black "Hater, Wolfgang"]
[Result "0-1"]
[WhiteElo "1914"]
[BlackElo "2024"]
[PlyCount "70"]
[EventDate "2017.??.??"]
[SourceDate "2016.10.07"]

1. d4 d6 2. c4 Nd7 3. Nc3 e5 4. Nf3 Ngf6 5. e4 c6 6. Be2 Be7 7. O-O exd4 8.
Nxd4 Nc5 9. f3 a5 10. Be3 O-O 11. Na4 Re8 12. a3 Bf8 13. b4 Nxa4 14. Qxa4 d5
15. cxd5 Nxd5 16. Bf2 Nc3 17. Qb3 Qxd4 18. Bxd4 Nxe2+ 19. Kf2 Nxd4 20. Qb2 c5
21. Rac1 axb4 22. axb4 Be6 23. Ra1 Bc4 24. Rfd1 b5 25. g3 Nb3 26. Rxa8 Rxa8 27.
bxc5 Nxc5 28. Ke3 Ra2 29. Qe5 Ne6 30. Rd2 Bc5+ 31. Qxc5 Rxd2 32. Qxc4 bxc4 33.
Kxd2 Ng5 34. Kc3 Nxf3 35. Kxc4 Nxh2 0-1

[Event "SC Gronau 1 - Südlohner SV 1"]
[Site "Regionalliga 2016/2017"]
[Date "2017.04.08"]
[Round "8.7"]
[White "Telöken, Andreas"]
[Black "Tsoukkerman, Boris"]
[Result "1-0"]
[WhiteElo "1980"]
[BlackElo "1917"]
[PlyCount "73"]
[EventDate "2017.??.??"]
[SourceDate "2016.10.07"]

1. e4 Nf6 2. e5 Nd5 3. d4 d6 4. c4 Nb6 5. exd6 exd6 6. Nc3 Be7 7. h3 O-O 8. Bd3
Bf6 9. Nge2 Re8 10. O-O Nc6 11. b3 g6 12. Be3 Ne7 13. Ng3 d5 14. c5 Nd7 15. Rc1
Nf8 16. Qf3 Bg7 17. Rfd1 c6 18. Bb1 Ne6 19. Nce2 h5 20. Rd2 b6 21. cxb6 axb6
22. Nf4 h4 23. Nf1 Ng5 24. Qd1 Bd7 25. Nh2 Ne4 26. Bxe4 dxe4 27. Ng4 Nd5 28.
Nxd5 cxd5 29. Ne5 Bf6 30. Bf4 Rc8 31. Rdc2 Rxc2 32. Qxc2 g5 33. Bh2 Bb5 34. Qd1
Kg7 35. Qh5 Re7 36. Ng4 Be2 37. Qh6+ 1-0

[Event "SC Gronau 1 - Südlohner SV 1"]
[Site "Regionalliga 2016/2017"]
[Date "2017.04.08"]
[Round "8.8"]
[White "Baer, Klaus"]
[Black "Schmeing, Walter"]
[Result "0-1"]
[WhiteElo "1628"]
[BlackElo "1990"]
[PlyCount "88"]
[EventDate "2017.??.??"]
[SourceDate "2016.10.07"]

1. e4 e5 2. Nf3 Nc6 3. Bb5 a6 4. Ba4 Nf6 5. O-O Nxe4 6. Re1 Nc5 7. Bxc6 dxc6 8.
Nxe5 Be6 9. d4 Nd7 10. Bf4 Be7 11. Nd2 Nf6 12. c3 O-O 13. h3 c5 14. dxc5 Bxc5
15. Nb3 Qxd1 16. Raxd1 Bb6 17. Be3 Bxe3 18. Rxe3 Rfe8 19. Nf3 Bxb3 20. Rxe8+
Rxe8 21. axb3 Kf8 22. Kf1 Re6 23. b4 Rb6 24. Ne5 Ke7 25. f4 Rb5 26. g4 h6 27.
Re1 Nd7 28. Nxd7+ Kxd7 29. Re4 c5 30. Ke2 a5 31. bxc5 Rxb2+ 32. Kd3 Rh2 33. Re3
a4 34. Kc4 a3 35. Re1 Rb2 36. Ra1 a2 37. f5 Kc6 38. Kd4 Rh2 39. Kc4 Rxh3 40.
Rxa2 Rg3 41. Rb2 Rxg4+ 42. Kd3 h5 43. Rb6+ Kc7 44. Rb2 h4 0-1

[Event "SK Dülmen 1 - SK Münster 3"]
[Site "Regionalliga 2016/2017"]
[Date "2017.04.08"]
[Round "8.1"]
[White "Borrink, Jörn"]
[Black "Grund, Wolfgang"]
[Result "1-0"]
[WhiteElo "2098"]
[BlackElo "1875"]
[PlyCount "61"]
[EventDate "2017.??.??"]
[SourceDate "2016.10.07"]

1. e4 c5 2. Nc3 Nc6 3. g3 e5 4. Bg2 d6 5. d3 Be6 6. Nge2 Be7 7. f4 Bg4 8. h3
Bxe2 9. Nxe2 Nd4 10. c3 Nxe2 11. Qxe2 Nf6 12. O-O O-O 13. g4 Nd7 14. f5 Bg5 15.
Bxg5 Qxg5 16. Qf2 h5 17. Rae1 hxg4 18. Re3 gxh3 19. Rxh3 f6 20. Rg3 Qh6 21. Rg6
Qh7 22. Qe2 Kf7 23. Rf3 Ke7 24. Rfg3 Rf7 25. Qg4 Kf8 26. Bf3 Re8 27. Bd1 c4 28.
dxc4 Ree7 29. Rh3 Qg8 30. Qe2 Nb6 31. Qh2 1-0

[Event "SK Dülmen 1 - SK Münster 3"]
[Site "Regionalliga 2016/2017"]
[Date "2017.04.08"]
[Round "8.2"]
[White "Schlütermann, Philipp"]
[Black "Baumann, Stephan"]
[Result "1-0"]
[WhiteElo "1829"]
[BlackElo "2003"]
[PlyCount "67"]
[EventDate "2017.??.??"]
[SourceDate "2016.10.07"]

1. d4 Nf6 2. c4 e5 3. e3 e4 4. Nc3 Bb4 5. a3 Bxc3+ 6. bxc3 d6 7. Ne2 O-O 8. Ng3
Re8 9. Be2 Nbd7 10. O-O Nf8 11. Qc2 c6 12. a4 Ng6 13. Ba3 Nh4 14. c5 dxc5 15.
dxc5 Qd5 16. c4 Qg5 17. Bb2 Bf5 18. Bxf6 gxf6 19. Rab1 Rab8 20. Rfd1 Re5 21.
Rd6 Rxc5 22. Qd1 Bg6 23. Rd8+ Rxd8 24. Qxd8+ Kg7 25. Rxb7 Ra5 26. Rb8 Qc5 27.
Qh8+ Kh6 28. Qxf6 Qh5 29. Qd6 Qe5 30. Qf8+ Kg5 31. Nxe4+ Qxe4 32. f4+ Kf6 33.
Qh8+ Ke6 34. Re8+ 1-0

[Event "SK Dülmen 1 - SK Münster 3"]
[Site "Regionalliga 2016/2017"]
[Date "2017.04.08"]
[Round "8.3"]
[White "Wingenfeld, Klaus"]
[Black "Mohnke, Martin"]
[Result "0-1"]
[WhiteElo "1888"]
[BlackElo "1926"]
[PlyCount "104"]
[EventDate "2017.??.??"]
[SourceDate "2016.10.07"]

1. d4 Nf6 2. c4 g6 3. Nc3 Bg7 4. e4 O-O 5. Nf3 c6 6. Be2 d5 7. e5 Ne4 8. O-O
Nxc3 9. bxc3 dxc4 10. Bxc4 b5 11. Bb3 a5 12. a4 b4 13. Bd2 Na6 14. Bc4 bxc3 15.
Bxc3 Nb4 16. Bxb4 axb4 17. Qb3 Qa5 18. Ng5 e6 19. Ne4 Ba6 20. Rfc1 Bxc4 21.
Rxc4 Qd5 22. Nc5 f6 23. Rxb4 fxe5 24. Nxe6 Rfe8 25. Qxd5 cxd5 26. Nc7 Reb8 27.
Nxd5 exd4 28. Kf1 Rd8 29. Rb5 Ra7 30. Ra3 Rad7 31. Nb6 Rd6 32. Rd3 Rc6 33. Rb2
Re8 34. g3 Rb8 35. a5 Rc1+ 36. Kg2 Ra1 37. Nc4 Rxb2 38. Nxb2 Rxa5 39. Nc4 Rc5
40. Nb2 Rc3 41. Kf3 Kf7 42. h4 Ke6 43. Ke2 Rc2+ 44. Rd2 Rxb2 45. Rxb2 d3+ 46.
Kxd3 Bxb2 47. Ke4 Bc3 48. g4 Be1 49. h5 Bxf2 50. Kf4 Be1 51. hxg6 Bd2+ 52. Kg3
hxg6 0-1

[Event "SK Dülmen 1 - SK Münster 3"]
[Site "Regionalliga 2016/2017"]
[Date "2017.04.08"]
[Round "8.4"]
[White "Lödding, Detlef"]
[Black "Meyer, Ulrich"]
[Result "1/2-1/2"]
[WhiteElo "1881"]
[BlackElo "1994"]
[PlyCount "80"]
[EventDate "2017.??.??"]
[SourceDate "2016.10.07"]

1. c4 e5 2. e3 Nf6 3. Nc3 g6 4. d4 e4 5. g3 c6 6. Bg2 d5 7. Nge2 Bg7 8. Qb3 Qb6
9. Qxb6 axb6 10. cxd5 cxd5 11. Nf4 Be6 12. f3 exf3 13. Bxf3 Nc6 14. O-O Ne7 15.
Nb5 Kd7 16. Nxe6 fxe6 17. Bd2 Nf5 18. g4 Ne7 19. Nc3 Rhf8 20. g5 Ne8 21. Be2
Rxf1+ 22. Rxf1 Nd6 23. a3 Rf8 24. Rxf8 Bxf8 25. Bd3 Nef5 26. Kf2 Be7 27. e4
dxe4 28. Nxe4 Nxd4 29. Bf4 Nxe4+ 30. Bxe4 Nc6 31. h4 Bd6 32. Bxd6 Kxd6 33. h5
Ne7 34. hxg6 hxg6 35. Bxb7 Ke5 36. a4 Nf5 37. b4 Kd6 38. a5 bxa5 39. bxa5 Kc5
40. Bc8 Nd6 1/2-1/2

[Event "SK Dülmen 1 - SK Münster 3"]
[Site "Regionalliga 2016/2017"]
[Date "2017.04.08"]
[Round "8.5"]
[White "Freise, Eckhard"]
[Black "Eiersbrock, Marko"]
[Result "0-1"]
[WhiteElo "1785"]
[BlackElo "1836"]
[PlyCount "92"]
[EventDate "2017.??.??"]
[SourceDate "2016.10.07"]

1. d4 Nf6 2. c4 g6 3. f3 Bg7 4. Nc3 d6 5. e4 c6 6. Nge2 Nbd7 7. Be3 a6 8. a4
Rb8 9. Nc1 Qb6 10. Qd2 c5 11. a5 Qc7 12. Be2 b6 13. O-O O-O 14. Nb3 bxa5 15.
Nxa5 cxd4 16. Bxd4 Nc5 17. b4 Rxb4 18. Bxf6 Bxf6 19. Nd5 Qa7 20. Nc6 Nxe4+ 21.
Nxa7 Nxd2 22. Nxb4 Nxf1 23. Rxf1 Bd4+ 24. Kh1 Bxa7 25. Nc6 Bc5 26. Nxe7+ Kg7
27. Nxc8 Rxc8 28. Ra1 Re8 29. Bd3 f5 30. h3 Re3 31. Bc2 Rc3 32. Bd1 a5 33. g4
Rxc4 34. Kg2 Bb4 35. Bb3 Rc3 36. Bd5 Rd3 37. Bc6 d5 38. Bb5 Rd2+ 39. Kg3 fxg4
40. fxg4 Rb2 41. Ba4 d4 42. g5 Re2 43. Rf1 Bd6+ 44. Kf3 Re3+ 45. Kg4 d3 46. Rf6
h5+ 0-1

[Event "SK Dülmen 1 - SK Münster 3"]
[Site "Regionalliga 2016/2017"]
[Date "2017.04.08"]
[Round "8.6"]
[White "Liebing, Ingo"]
[Black "Hartmann, Steffen"]
[Result "0-1"]
[WhiteElo "1770"]
[BlackElo "1887"]
[PlyCount "64"]
[EventDate "2017.??.??"]
[SourceDate "2016.10.07"]

1. c4 Nf6 2. g3 e6 3. Bg2 Be7 4. Nf3 O-O 5. O-O d5 6. b3 Nbd7 7. Bb2 c6 8. d3
Qc7 9. Nbd2 h6 10. Rc1 a5 11. a3 Ng4 12. h3 Ngf6 13. Re1 Qb8 14. d4 b5 15. c5
b4 16. a4 Ba6 17. Qc2 Qc7 18. g4 Rfe8 19. Bf1 Rad8 20. Kh1 Nf8 21. Ne5 N6d7 22.
Ndf3 Nxe5 23. Nxe5 f6 24. Nf3 Rd7 25. h4 Bd8 26. Bh3 Rf7 27. e3 Bc8 28. Rg1 e5
29. dxe5 fxe5 30. Qd1 e4 31. Nd4 Rxf2 32. Ba1 Qh2# 0-1

[Event "SK Dülmen 1 - SK Münster 3"]
[Site "Regionalliga 2016/2017"]
[Date "2017.04.08"]
[Round "8.7"]
[White "Peters, Helmut"]
[Black "Stegemann, Norbert"]
[Result "1-0"]
[WhiteElo "2067"]
[BlackElo "1891"]
[PlyCount "64"]
[EventDate "2017.??.??"]
[SourceDate "2016.10.07"]

1. d4 d5 2. c4 e6 3. Nf3 c6 4. e3 f5 5. Be2 Nf6 6. O-O Bd6 7. b3 Qe7 8. a4 b6
9. Ba3 c5 10. Nc3 Bb7 11. Nb5 Nbd7 12. Nxd6+ Qxd6 13. dxc5 bxc5 14. Rc1 Rc8 15.
Qc2 Ne4 16. Rfd1 O-O 17. cxd5 exd5 18. Nd2 Rf6 19. f3 Rh6 20. Nf1 Ng5 21. Qxf5
Ne6 22. Qc2 Nf6 23. Bd3 Qb6 24. Bb2 d4 25. Bc4 Nd5 26. exd4 cxd4 27. Kh1 Kh8
28. Qd2 Rd8 29. Bxd4 Nxd4 30. Qxd4 Rhd6 31. Qxb6 axb6 32. Rd2 Ne7 1-0

[Event "SK Dülmen 1 - SK Münster 3"]
[Site "Regionalliga 2016/2017"]
[Date "2017.04.08"]
[Round "8.8"]
[White "Lober, Sascha"]
[Black "Kamp, Aaron"]
[Result "0-1"]
[WhiteElo "1572"]
[BlackElo "1702"]
[PlyCount "72"]
[EventDate "2017.??.??"]
[SourceDate "2016.10.07"]

1. Nc3 d5 2. e4 d4 3. Nce2 c5 4. Ng3 Nc6 5. Bc4 e6 6. Nf3 Nge7 7. d3 Ng6 8. Bg5
Be7 9. Bxe7 Qxe7 10. O-O a6 11. a4 O-O 12. Qd2 Nge5 13. Nxe5 Nxe5 14. Bb3 Bd7
15. h3 b5 16. f4 Nc6 17. f5 exf5 18. Nxf5 Bxf5 19. Rxf5 c4 20. axb5 axb5 21.
Rxa8 Rxa8 22. dxc4 Qxe4 23. Rxb5 Ra1+ 24. Kh2 Qe3 25. Qd3 Qf4+ 26. Qg3 Rh1+ 27.
Kxh1 Qxg3 28. Rc5 Ne7 29. Rb5 g6 30. c5 Qe1+ 31. Kh2 Qe5+ 32. Kg1 Nf5 33. Bc4
Qe3+ 34. Kh2 Qg3+ 35. Kg1 Ne3 36. Bf1 Qe1 0-1